| 000 -LEADER |
| fixed length control field |
01030cam a2200241Ia 4500 |
| 082 ## - DEWEY DECIMAL CLASSIFICATION NUMBER |
| Classification number |
624.152 |
| Author Mark |
KON |
| 100 1# - MAIN ENTRY--PERSONAL NAME |
| Personal name |
Konya, Calvin J. |
| 9 (RLIN) |
42652 |
| 245 10 - TITLE STATEMENT |
| Title |
Rock blasting / |
| Statement of responsibility, etc. |
[Calvin J. Konya and Edward J. Walter]. |
| 260 ## - PUBLICATION, DISTRIBUTION, ETC. |
| Place of publication, distribution, etc. |
McLean, Va. : |
| Name of publisher, distributor, etc. |
U.S. Dept. of Transportation, Federal Highway Administration ; |
| Place of publication, distribution, etc. |
[Washington, D.C. : |
| Name of publisher, distributor, etc. |
For sale by the Supt. of Docs., U.S. G.P.O. ; |
| Place of publication, distribution, etc. |
Springfield, Va. : |
| Name of publisher, distributor, etc. |
Available from N.T.I.S., |
| Date of publication, distribution, etc. |
1985. |
| 300 ## - PHYSICAL DESCRIPTION |
| Extent |
xvi, 355 p. : |
| Other physical details |
ill., forms ; |
| Dimensions |
28 cm. |
| 500 ## - GENERAL NOTE |
| General note |
"May 1985"--Tech. rept. doc. p. |
| 500 ## - GENERAL NOTE |
| General note |
"Seminar on blasting and overbreak control"--Tech. rept. doc. p. |
| 500 ## - GENERAL NOTE |
| General note |
Cover title. |
| 500 ## - GENERAL NOTE |
| General note |
Performed by Precision Blasting Services. |
| 526 ## - STUDY PROGRAM INFORMATION NOTE |
| Program name |
0 |
| Interest level |
0 |
| Reading level |
0 |
| Title point value |
624_152000000000000_KON |
| 650 #0 - SUBJECT ADDED ENTRY--TOPICAL TERM |
| Topical term or geographic name entry element |
Blasting |
| 9 (RLIN) |
26995 |
| 650 #0 - SUBJECT ADDED ENTRY--TOPICAL TERM |
| Topical term or geographic name entry element |
MCE |
| 9 (RLIN) |
379 |
| 650 #0 - SUBJECT ADDED ENTRY--TOPICAL TERM |
| Topical term or geographic name entry element |
Roads |
| Geographic subdivision |
United States |
| General subdivision |
Design and construction |
| 9 (RLIN) |
19649 |
| 700 1# - ADDED ENTRY--PERSONAL NAME |
| Personal name |
Walter, Edward J. |
| 9 (RLIN) |
42653 |
| 710 1# - ADDED ENTRY--CORPORATE NAME |
| Corporate name or jurisdiction name as entry element |
United States. |
| 9 (RLIN) |
21185 |
| 710 2# - ADDED ENTRY--CORPORATE NAME |
| Corporate name or jurisdiction name as entry element |
Precision Blasting Services (Montville, Ohio) |
| 9 (RLIN) |
42654 |
| 942 ## - ADDED ENTRY ELEMENTS (KOHA) |
| Source of classification or shelving scheme |
|
| Koha item type |
Book |